00154nam a22000857a 4500082001200000100001100012245002000023260001700043300000800060 a541 MUS aMusson aThree Centuries aLondonc1946 a191